<?xml version="1.0" encoding="UTF-8"?>
<collection xmlns="http://www.loc.gov/MARC21/slim">
 <record>
  <leader>01923nam a22002537a 4500</leader>
  <controlfield tag="001">NCT_4_001848</controlfield>
  <controlfield tag="008">231006b        xxu||||| |||| 00| 0 vie d</controlfield>
  <datafield tag="999" ind1=" " ind2=" ">
   <subfield code="c">7953</subfield>
   <subfield code="d">7953</subfield>
  </datafield>
  <datafield tag="020" ind1=" " ind2=" ">
   <subfield code="a">9786049651373</subfield>
   <subfield code="c">sách tặng</subfield>
  </datafield>
  <datafield tag="082" ind1="0" ind2="4">
   <subfield code="2">23rd ed.</subfield>
   <subfield code="a">579</subfield>
   <subfield code="b">B100</subfield>
  </datafield>
  <datafield tag="100" ind1="1" ind2=" ">
   <subfield code="a">Nguyễn Văn Bá</subfield>
   <subfield code="e">Chủ biên</subfield>
  </datafield>
  <datafield tag="245" ind1="1" ind2="0">
   <subfield code="a">Giáo trình vi sinh vật đại cương</subfield>
   <subfield code="c">Nguyễn Văn Bá (Chủ biên); Lê Hoàng Lệ Thủy</subfield>
  </datafield>
  <datafield tag="260" ind1=" " ind2=" ">
   <subfield code="a">Cần Thơ</subfield>
   <subfield code="b">Đại học Cần Thơ</subfield>
   <subfield code="c">2023</subfield>
  </datafield>
  <datafield tag="300" ind1=" " ind2=" ">
   <subfield code="a">83tr.</subfield>
   <subfield code="b">minh họa</subfield>
   <subfield code="c">28 cm</subfield>
  </datafield>
  <datafield tag="520" ind1="3" ind2=" ">
   <subfield code="a">Nội dung tài liệu gồm 07 chương đề cập về lịch sử phát triển ngành vi sinh vật học, các đặc điểm chung của vi sinh vật, sự phát triển và tăng trưởng của vi sinh vật và ảnh hưởng các điều kiện môi trường lên sự phát triển của chúng, vi sinh vật nhân sơ, vi sinh vật nhân thật, vi rút, di truyền và biến dị ở vi sinh vật.</subfield>
  </datafield>
  <datafield tag="653" ind1=" " ind2=" ">
   <subfield code="a">Công nghệ Kỹ thuật Hóa học</subfield>
  </datafield>
  <datafield tag="700" ind1="1" ind2=" ">
   <subfield code="a">Lê Hoàng Lệ Thủy</subfield>
  </datafield>
  <datafield tag="942" ind1=" " ind2=" ">
   <subfield code="2">ddc</subfield>
   <subfield code="c">BK</subfield>
  </datafield>
  <datafield tag="952" ind1=" " ind2=" ">
   <subfield code="0">0</subfield>
   <subfield code="1">0</subfield>
   <subfield code="2">ddc</subfield>
   <subfield code="4">0</subfield>
   <subfield code="6">579_000000000000000_B100</subfield>
   <subfield code="7">0</subfield>
   <subfield code="9">28275</subfield>
   <subfield code="a">000001</subfield>
   <subfield code="b">000001</subfield>
   <subfield code="d">2023-10-06</subfield>
   <subfield code="o">579 B100</subfield>
   <subfield code="p">MD.21976</subfield>
   <subfield code="r">2023-10-06</subfield>
   <subfield code="w">2023-10-06</subfield>
   <subfield code="y">BK</subfield>
  </datafield>
  <datafield tag="952" ind1=" " ind2=" ">
   <subfield code="0">0</subfield>
   <subfield code="1">0</subfield>
   <subfield code="2">ddc</subfield>
   <subfield code="4">0</subfield>
   <subfield code="6">579_000000000000000_B100</subfield>
   <subfield code="7">0</subfield>
   <subfield code="9">28276</subfield>
   <subfield code="a">000001</subfield>
   <subfield code="b">000001</subfield>
   <subfield code="d">2023-10-06</subfield>
   <subfield code="o">579 B100</subfield>
   <subfield code="p">MD.21977</subfield>
   <subfield code="r">2023-10-06</subfield>
   <subfield code="w">2023-10-06</subfield>
   <subfield code="y">BK</subfield>
  </datafield>
  <datafield tag="952" ind1=" " ind2=" ">
   <subfield code="0">0</subfield>
   <subfield code="1">0</subfield>
   <subfield code="2">ddc</subfield>
   <subfield code="4">0</subfield>
   <subfield code="6">579_000000000000000_B100</subfield>
   <subfield code="7">0</subfield>
   <subfield code="9">28277</subfield>
   <subfield code="a">000001</subfield>
   <subfield code="b">000001</subfield>
   <subfield code="d">2023-10-06</subfield>
   <subfield code="o">579 B100</subfield>
   <subfield code="p">MD.21978</subfield>
   <subfield code="r">2023-10-06</subfield>
   <subfield code="w">2023-10-06</subfield>
   <subfield code="y">BK</subfield>
  </datafield>
  <datafield tag="952" ind1=" " ind2=" ">
   <subfield code="0">0</subfield>
   <subfield code="1">0</subfield>
   <subfield code="2">ddc</subfield>
   <subfield code="4">0</subfield>
   <subfield code="6">579_000000000000000_B100</subfield>
   <subfield code="7">0</subfield>
   <subfield code="9">28278</subfield>
   <subfield code="a">000001</subfield>
   <subfield code="b">000001</subfield>
   <subfield code="d">2023-10-06</subfield>
   <subfield code="o">579 B100</subfield>
   <subfield code="p">MD.21979</subfield>
   <subfield code="r">2023-10-06</subfield>
   <subfield code="w">2023-10-06</subfield>
   <subfield code="y">BK</subfield>
  </datafield>
  <datafield tag="952" ind1=" " ind2=" ">
   <subfield code="0">0</subfield>
   <subfield code="1">0</subfield>
   <subfield code="2">ddc</subfield>
   <subfield code="4">0</subfield>
   <subfield code="6">579_000000000000000_B100</subfield>
   <subfield code="7">0</subfield>
   <subfield code="9">28279</subfield>
   <subfield code="a">000001</subfield>
   <subfield code="b">000001</subfield>
   <subfield code="d">2023-10-06</subfield>
   <subfield code="o">579 B100</subfield>
   <subfield code="p">MD.21980</subfield>
   <subfield code="r">2023-10-06</subfield>
   <subfield code="w">2023-10-06</subfield>
   <subfield code="y">BK</subfield>
  </datafield>
  <datafield tag="980" ind1=" " ind2=" ">
   <subfield code="a">Thư viện Trường Đại học Nam Cần Thơ</subfield>
  </datafield>
 </record>
</collection>
